La educación superior en México: planeación, evaluación y entorno /
Gorde:
| Egile nagusia: | |
|---|---|
| Formatua: | Texto |
| Argitaratua: |
Argentina :
Miño y Dávila
|
| Saila: | Educación crítica & debate
|
| Etiketak: |
Etiketa erantsi
Etiketarik gabe, Izan zaitez lehena erregistro honi etiketa jartzen!
|
MARC
| LEADER | 00000 a a2200000 04500 | ||
|---|---|---|---|
| 001 | 48103 | ||
| 003 | |||
| 040 | |a CRAI/IIS |c CRAI/IIS | ||
| 020 | |a 978-84-92613-09-0 | ||
| 090 | |a 0005 V293e | ||
| 100 | |a Varela Petito, Gonzalo | ||
| 245 | |a La educación superior en México: |b planeación, evaluación y entorno / |c Gonzalo Varela Petito | ||
| 260 | |a Argentina : |b Miño y Dávila | ||
| 300 | |a 183 páginas | ||
| 440 | |a Educación crítica & debate | ||
| 999 | |c 4481 |d 4481 | ||



